000 00743nam a2200289Ia 4500
005 20260324114524.0
008 008 260324s9999 xx 000 0 eng d
020 _a9781003318354
037 _aEBOOK
040 _aCRL
040 _beng
040 _cCRL
041 _2eng
041 _aeng
084 _qCRL
100 _aBill Artzberger
_91144142
245 0 _aFostering Innovation
245 0 _bHow to Develop Innovation as a Core Competency and Connect the Principles of Lean in Your Organization
260 _bTaylor and Francis
260 _c2022
365 _a
365 _b220
856 _uhttp://www.taylorfrancis.com/books/9781003318354
942 _cEBOOK
999 _c1741338
_d1741338